000 00334nam a2200121Ia 4500
008 221007s9999 xx 000 0 und d
041 _aeng
082 _bSHA/CHA
100 _aSharma S K, Composer & Chaurasia H P, Composer
_996762
245 _aMusic of The Valleys
260 _c2011
_bThe India Today Group
_aDelhi
906 _bGeneral
999 _c61202
_d61202